000 01121nam0a22002771 4500
001 rc\120934
005 20250620190813.0
010 _a5-7645-0039-7
_9564
035 _a(NLR Aleph) 005378337
090 _a7073720
_c7073720
100 _a20021216d1996 |||y0rusy50 ca
101 0 _arus
102 _aRU
105 _aa |||||||||
200 1 _aАлгоритм ультразвукового мониторинга больных с новообразованиями мочевого пузыря до и после оперативного лечения
_fЭ.Н. Ситдыков, М.Э. Ситдыкова, А.Ю. Зубков
210 _aКазань
_cМедицина
_d1996
215 _a165, [2] с.
_cил.
_d20
320 _aБиблиогр.: с. 153-166 (230 назв.)
700 1 _aСитдыков
_bЭ.Н.
_gЭдуард Назипович
701 1 _aСитдыкова
_bМ.Э.
_gМарина Эдуардовна
701 1 _aЗубков
_bА.Ю.
_gАлексей Юрьевич
801 0 _aRU
_bNLR
_gpsbo
801 1 _aRU
_bELAR
_2rusmarc
852 _aNLR
_j97-3/2087
942 _cBOOK
980 _aNB